<?xml version="1.0" encoding="UTF-8"?><collection xmlns="info:lc/xmlns/marcxchange-v2"><record format="Unimarc" type="bibliographic"><leader>00606cam  2200205   450 </leader><controlfield tag="001">2395912</controlfield><controlfield tag="003">http://id.bnportugal.gov.pt/bib/porbase/2395912</controlfield><controlfield tag="005">20060828142558.0</controlfield><datafield ind1=" " ind2=" " tag="010"><subfield code="a">0-674-39211-6</subfield></datafield><datafield ind1=" " ind2=" " tag="035"><subfield code="a">ufpes002_bc.iso/03-11-2011/2259</subfield></datafield><datafield ind1=" " ind2=" " tag="035"><subfield code="a">0002315</subfield></datafield><datafield ind1=" " ind2=" " tag="100"><subfield code="a">19960229d1991    m  y0pory0103    ba</subfield></datafield><datafield ind1="0" ind2=" " tag="101"><subfield code="a">eng</subfield></datafield><datafield ind1=" " ind2=" " tag="102"><subfield code="a">US</subfield></datafield><datafield ind1="1" ind2=" " tag="200"><subfield code="a">His other half</subfield><subfield code="e">men looking at women through art</subfield><subfield code="f">Wendy Lesser</subfield></datafield><datafield ind1=" " ind2=" " tag="210"><subfield code="a">Cambridge</subfield><subfield code="c">Harvard University Press</subfield><subfield code="d">1991</subfield></datafield><datafield ind1=" " ind2=" " tag="215"><subfield code="a">294 p.</subfield><subfield code="c">il.</subfield><subfield code="d">24 cm</subfield></datafield><datafield ind1=" " ind2=" " tag="620"><subfield code="a">us</subfield><subfield code="d">Cambridge</subfield></datafield><datafield ind1=" " ind2=" " tag="675"><subfield code="a">7.036</subfield><subfield code="v">BN</subfield><subfield code="z">por</subfield></datafield><datafield ind1=" " ind2="1" tag="700"><subfield code="a">Lesser</subfield><subfield code="b">Wendy</subfield></datafield><datafield ind1=" " ind2="0" tag="801"><subfield code="a">PT</subfield><subfield code="b">UFPES</subfield><subfield code="g">RPC</subfield></datafield></record></collection>